<?xml version="1.0" encoding="UTF-8"?>
<record
    xmlns:xsi="http://www.w3.org/2001/XMLSchema-instance"
    xsi:schemaLocation="http://www.loc.gov/MARC21/slim http://www.loc.gov/standards/marcxml/schema/MARC21slim.xsd"
    xmlns="http://www.loc.gov/MARC21/slim">

  <leader>00931nam a22002537a 4500</leader>
  <controlfield tag="005">20170123162350.0</controlfield>
  <datafield tag="010" ind1=" " ind2=" ">
    <subfield code="a">B-133884</subfield>
  </datafield>
  <datafield tag="020" ind1=" " ind2=" ">
    <subfield code="c">95.00</subfield>
    <subfield code="a">8123742258</subfield>
  </datafield>
  <datafield tag="035" ind1=" " ind2=" ">
    <subfield code="a">B-133884</subfield>
  </datafield>
  <datafield tag="037" ind1=" " ind2=" ">
    <subfield code="b">Cen Lib/Ret</subfield>
  </datafield>
  <datafield tag="040" ind1=" " ind2=" ">
    <subfield code="a">DPL</subfield>
    <subfield code="b">UR</subfield>
  </datafield>
  <datafield tag="082" ind1=" " ind2=" ">
    <subfield code="a">635.9</subfield>
    <subfield code="b">&#x648; &#x634; &#x642; </subfield>
  </datafield>
  <datafield tag="100" ind1=" " ind2=" ">
    <subfield code="a">&#x67E;&#x631;&#x633;&#x627;&#x62F;&#x60C; &#x648;&#x634;&#x646;&#x648; </subfield>
    <subfield code="9">139163</subfield>
  </datafield>
  <datafield tag="245" ind1=" " ind2=" ">
    <subfield code="a">/ &#x628;&#x627;&#x63A;&#x627;&#x62A;&#x6CC; &#x67E;&#x6BE;&#x648;&#x644; </subfield>
    <subfield code="c">&#x648;&#x634;&#x646;&#x648; &#x67E;&#x631;&#x633;&#x627;&#x62F;  &#x627;&#x648;&#x631; &#x645;&#x62A;&#x631;&#x62C;&#x645;&#x6C1; &#x634;&#x645;&#x633; &#x627;&#x644;&#x627; &#x633;&#x644;&#x627;&#x645; &#x641;&#x627;&#x631;&#x631;&#x648;&#x642;&#x6CC; </subfield>
  </datafield>
  <datafield tag="246" ind1=" " ind2=" ">
    <subfield code="a">Bagati phool /</subfield>
    <subfield code="b">Vishnu Prasad </subfield>
  </datafield>
  <datafield tag="260" ind1=" " ind2=" ">
    <subfield code="a">&#x646;&#x626;&#x6CC; &#x62F;&#x6C1;&#x644;&#x6CC;</subfield>
    <subfield code="b">&#x646;&#x6CC;&#x634;&#x646;&#x644; &#x628;&#x6A9; &#x67E;&#x631;&#x646;&#x679;&#x633; &#x627;&#x646;&#x688;&#x6CC;&#x627;</subfield>
    <subfield code="c">2004</subfield>
  </datafield>
  <datafield tag="270" ind1=" " ind2=" ">
    <subfield code="b">&#x646;&#x626;&#x6CC; &#x62F;&#x6C1;&#x644;&#x6CC;</subfield>
    <subfield code="a">&#x6AF;&#x631;&#x6CC;&#x646; &#x67E;&#x627;&#x631;&#x6A9;</subfield>
  </datafield>
  <datafield tag="300" ind1=" " ind2=" ">
    <subfield code="a">310p.</subfield>
    <subfield code="c">21cm(pbk)</subfield>
  </datafield>
  <datafield tag="650" ind1=" " ind2=" ">
    <subfield code="a">&#x627;&#x631;&#x62F;&#x648; &#x627;&#x62F;&#x628;</subfield>
    <subfield code="9">139164</subfield>
  </datafield>
  <datafield tag="650" ind1=" " ind2=" ">
    <subfield code="a">&#x627;&#x631;&#x62F;&#x648; &#x627;&#x62F;&#x628;</subfield>
    <subfield code="v">&#x6AF;&#x627;&#x631;&#x688;&#x646; &#x641;&#x635;&#x644;&#x648;&#x6BA; ( &#x6C1;&#x627;&#x631;&#x679;&#x6CC;&#x6A9;&#x644;&#x686;&#x631;    </subfield>
    <subfield code="9">136389</subfield>
  </datafield>
  <datafield tag="650" ind1=" " ind2=" ">
    <subfield code="a">Urdu litrerature</subfield>
    <subfield code="9">590</subfield>
  </datafield>
  <datafield tag="650" ind1=" " ind2=" ">
    <subfield code="a">Urdu literature </subfield>
    <subfield code="v">Garden crops (Horticulture)</subfield>
    <subfield code="9">136390</subfield>
  </datafield>
  <datafield tag="942" ind1=" " ind2=" ">
    <subfield code="2">ddc</subfield>
    <subfield code="c">UR</subfield>
    <subfield code="h">635.9</subfield>
    <subfield code="m">&#x648; &#x634; &#x642; </subfield>
  </datafield>
  <datafield tag="999" ind1=" " ind2=" ">
    <subfield code="c">109212</subfield>
    <subfield code="d">109212</subfield>
  </datafield>
  <datafield tag="952" ind1=" " ind2=" ">
    <subfield code="0">0</subfield>
    <subfield code="1">0</subfield>
    <subfield code="4">0</subfield>
    <subfield code="7">0</subfield>
    <subfield code="a">L</subfield>
    <subfield code="b">L</subfield>
    <subfield code="d">2016-02-26</subfield>
    <subfield code="e">Cen Lib/Ref</subfield>
    <subfield code="g">95.00</subfield>
    <subfield code="l">0</subfield>
    <subfield code="o">635.9 &#x648; &#x634; &#x642;</subfield>
    <subfield code="p">B-133884</subfield>
    <subfield code="r">2016-02-26 00:00:00</subfield>
    <subfield code="t">1</subfield>
    <subfield code="v">95.00</subfield>
    <subfield code="w">2016-02-26</subfield>
    <subfield code="y">UR</subfield>
  </datafield>
</record>
